| 000 | 00424cam a2200169ua 4500 | ||
|---|---|---|---|
| 003 | OSt | ||
| 008 | 250512b |||||||| |||| 00| 0 eng d | ||
| 041 | _aeng | ||
| 082 |
_a624.17 _bCOR/PR |
||
| 100 |
_aCormack, J A . _97485 |
||
| 245 | _aProperties and strengths of materials / | ||
| 250 | _a1 / | ||
| 260 |
_aLondon : _bMcMillon & Co Ltd , _c1958. |
||
| 300 | _a391 ; . | ||
| 700 | 1 |
_aAndrew, E R . _97486 |
|
| 942 | _cBK | ||
| 999 |
_c9543 _d9543 |
||